| Tag |
First Indicator |
Second Indicator |
Subfields |
| LEADER |
00000cam a2200000L 4500 |
| 001 |
in00003849939 |
| 005 |
20190415181732.0 |
| 006 |
m o d |
| 007 |
cr |n||||||||n |
| 008 |
930309s1871 iluabf o 000 0deng d |
| 035 |
|
|
|a (MiFhGG)MOMW203725
|
| 035 |
|
|
|a (OCoLC)423618064
|
| 040 |
|
|
|a TGPSM
|c UtOrBLW
|d UtOrBLW
|
| 043 |
|
|
|a n-us-il
|
| 050 |
|
4 |
|a AC1
|b .S543 1871
|
| 100 |
1 |
|
|a Sheahan, James W.
|q (James Washington),
|d 1824-1883.
|0 http://id.loc.gov/authorities/names/no96028183
|
| 245 |
1 |
4 |
|a The great conflagration :
|b Chicago : its past, present and future /
|c by James W. Sheahan and George P. Upton.
|
| 264 |
|
1 |
|a Chicago, Ill. ;
|a Philadelphia, Pa. ;
|a Cincinnati, Ohio :
|b Union Pub. Company,
|c 1871.
|
| 300 |
|
|
|a 1 online resource (458 pages, 2 unnumbered pages, 2 unnumbered leaves of plates) :
|b illustrations, map.
|
| 336 |
|
|
|a text
|b txt
|2 rdacontent
|
| 337 |
|
|
|a computer
|b c
|2 rdamedia
|
| 338 |
|
|
|a online resource
|b cr
|2 rdacarrier
|
| 490 |
1 |
|
|a The making of the modern world. Part 2 (1851-1914)
|
| 500 |
|
|
|a Reproduction from the The Goldsmiths' Library of Economic Literature, Senate House Library, University of London.
|
| 500 |
|
|
|a Publisher's advertising: [2] pages, 2nd count.
|
| 500 |
|
|
|a "Embracing a detailed narrative of the great conflagration in the north, south, and west divisions: origin, progress and results of the fire. Prominent buildings burned, character of buildings, losses and insurance, graphic description of the flames, scenes and incidents, loss of life, the flight of the people. Also, a condensed history of Chicago, its population, growth and great public works. And a statement of all the great fires of the world."
|
| 500 |
|
|
|a Electronic resource.
|
| 650 |
|
0 |
|a Fires
|z Illinois
|z Chicago.
|
| 651 |
|
0 |
|a Chicago
|x History.
|
| 655 |
|
7 |
|a Electronic books.
|2 local
|
| 700 |
1 |
|
|a Upton, George P.
|q (George Putnam),
|d 1834-1919.
|0 http://id.loc.gov/authorities/names/n86047994
|
| 710 |
2 |
|
|a Gale (Firm)
|0 http://id.loc.gov/authorities/names/no2008071348
|
| 830 |
|
0 |
|a Making of the modern world. Part 2 (1851-1914)
|
| 856 |
4 |
0 |
|u http://proxy.library.tamu.edu/login?url=http://find.galegroup.com/openurl/openurl?url_ver=Z39.88-2004&url_ctx_fmt=info:ofi/fmt:kev:mtx:ctx&res_id=info:sid/gale:MOME&ctx_enc=info:ofi:enc:UTF-8&rft_val_fmt=info:ofi/fmt:kev:mtx:unknown&rft.artnum=U112928036&req_dat=info:sid/gale:ugnid:txshracd2898
|z Connect to the full text of this electronic book
|t 0
|
| 999 |
f |
f |
|s a19a3000-d66a-3a24-b3f4-c1970d37c8fd
|i e8b68c2c-aea8-3186-9697-73fda7a78b74
|t 0
|
| 952 |
f |
f |
|a Texas A&M University
|b College Station
|c Electronic Resources
|d Available Online
|t 0
|e AC1 .S543 1871
|h Library of Congress classification
|
| 998 |
f |
f |
|a AC1 .S543 1871
|t 0
|l Available Online
|